[Event "International chess holiday K21"]
[Site "?"]
[Date "2019.07.30"]
[Round "5"]
[White "Pelikan, Jaromir"]
[Black "Nelson, Wayne"]
[Result "1/2-1/2"]
[WhiteElo "1760"]
[BlackElo "1959"]
[Annotator "Doe,John"]
[PlyCount "111"]
[TimeControl "240+2"]

1. Nf3 d5 2. d4 Nf6 3. c4 e6 4. g3 c6 5. Bg2 Bd6 6. O-O O-O 7. b3 Nbd7
8. Bb2 Qc7 9. Nc3 Re8 10. cxd5 exd5 11. Rc1 Qd8 12. Qc2 Nf8 13. a3 Ng6 14. e3
Bg4 15. b4 Qd7 16. Na4 Ne4 17. Nc5 Bxc5 18. dxc5 Bh3 19. Bd4 Bxg2 20. Kxg2 Re6
21. Qb2 f6 22. a4 a6 23. h4 Rae8 24. Rfd1 Ne5 25. Bxe5 fxe5 26. Qc2 Qf7 27. Ng5
Nxg5 28. hxg5 e4 29. Qe2 Re5 30. Qg4 Rf8 31. Rf1 Qf3+ 32. Kh3 Qxg4+ 33. Kxg4
Rff5 34. b5 Rxg5+ 35. Kh3 axb5 36. axb5 Rgf5 37. bxc6 bxc6 38. Rb1 Re6 39. Kg2
Ref6 40. Rb2 h5 41. Ra1 Kh7 42. Ra7 Kh6 43. Rd7 Kg6 44. Rc2 Rf7 45. Rxf7 Rxf7
46. Rb2 Kf5 47. Rb6 Rf6 48. Rb7 g6 49. Rc7 Re6 50. Kh3 Rf6 51. Kg2 Kg5 52. Rd7
h4 53. gxh4+ Kxh4 54. Rd6 Kg5 55. Rd7 Kf5 56. Kg3 1/2-1/2

[Event "International chess holiday K21"]
[Site "?"]
[Date "2019.07.30"]
[Round "5"]
[White "Feirfeil, Jiri"]
[Black "Hapke, Yvonne"]
[Result "0-1"]
[WhiteElo "1662"]
[BlackElo "1792"]
[Annotator "Doe,John"]
[PlyCount "154"]
[TimeControl "240+2"]

1. d4 Nf6 2. Bf4 g6 3. e3 Bg7 4. Nd2 d5 5. Be2 O-O 6. g4 Nbd7 7. h4 Ne4
8. Nxe4 dxe4 9. h5 e5 10. dxe5 Nxe5 11. hxg6 Qxd1+ 12. Rxd1 fxg6 13. Bxe5 Bxe5
14. c3 Be6 15. a3 c6 16. Rd2 Rad8 17. Rxd8 Rxd8 18. Nh3 Kg7 19. Ng5 Bg8 20.
Rxh7+ Bxh7 21. Ne6+ Kf6 22. Nxd8 Bg8 {[%emt 0:00:00]} 23. Nxb7 {[%emt 0:00:01]}
Be6 24. Na5 Bd7 25. Nc4 Bc7 26. Nd2 Ke5 27. c4 c5 28. b4 cxb4 29. axb4 a5 30.
bxa5 Bxa5 31. Kd1 Bb4 32. f4+ exf3 33. Bxf3 Be6 34. Be2 Bc5 35. Nf3+ Kf6 36.
Nd4 Bd7 37. Kd2 Ke5 38. Kd3 Be8 39. Bf3 g5 40. Be4 Ba4 41. Bf5 Bd1 42. Ne2 Ba4
43. Ng3 Bc6 44. Ne4 Be7 45. Nc3 Bc5 46. e4 Be8 47. Nd5 Ba4 48. Nc3 Be8 49. Nb1
Ba4 50. Nd2 Bd1 51. Bc8 Kf4 52. Bf5 Bxg4 53. Bxg4 Kxg4 54. Nb3 Bd6 55. c5 Bc7
56. Kd4 Kf4 57. Nc1 g4 58. Nd3+ Kg5 59. Ke3 Kf6 60. Kd4 Ke6 61. Ke3 Kf6 62. Kd4
Ke6 63. e5 g3 64. Ke4 Bd8 65. Nf4+ Kd7 66. Kd5 Bg5 67. Ng2 Be7 68. c6+ Kc7 69.
Nf4 Bb4 70. e6 Bd6 71. Ng2 Bb4 72. Ke5 Kxc6 73. Kf6 Kc7 74. Kf7 Kd8 75. Ne3 Bc5
76. Ng2 Bb4 77. Nh4 Be7 0-1

[Event "International chess holiday M21"]
[Site "?"]
[Date "2019.07.31"]
[Round "6"]
[White "Kasparov, Sergey"]
[Black "Ravanna, Jayaram"]
[Result "1-0"]
[WhiteElo "2453"]
[BlackElo "2067"]
[Annotator "Doe,John"]
[PlyCount "63"]

1. e4 e5 2. Nf3 Nc6 3. Bb5 a6 4. Ba4 Nf6 5. Bxc6 dxc6 6. d3 Bd6 7. h3
Nd7 8. Nbd2 f6 9. Nc4 Nc5 10. O-O Be6 11. b3 O-O 12. Be3 b6 13. Nh4 Qd7 14. Qf3
Nb7 15. Rad1 c5 16. c3 Qc6 17. Nf5 Rf7 18. Ncxd6 Nxd6 19. g4 Kh8 20. Qg3 a5 21.
f4 exf4 22. Bxf4 Ne8 23. d4 cxd4 24. Nxd4 Qd7 25. e5 fxe5 26. Bxe5 Rxf1+ 27.
Rxf1 Bg8 28. h4 Nd6 29. Nf5 Nxf5 30. gxf5 h6 31. f6 Re8 32. f7 1-0

[Event "International chess holiday M21"]
[Site "?"]
[Date "2019.07.31"]
[Round "6"]
[White "Chudinovskikh, Alexander"]
[Black "Martin, Koller"]
[Result "1-0"]
[WhiteElo "2152"]
[BlackElo "1970"]
[Annotator "Doe,John"]
[PlyCount "53"]

1. e4 e5 2. Nf3 Nc6 3. Bc4 Be7 4. O-O Nf6 5. d3 O-O 6. Re1 d6 7. a4 Bg4
8. c3 Kh8 9. Nbd2 Ng8 10. h3 Bh5 11. a5 a6 12. Nf1 Qd7 13. g4 Bg6 14. Ng3 Nf6
15. d4 exd4 16. cxd4 d5 17. Ne5 Nxe5 18. dxe5 dxc4 19. exf6 Qxd1 20. fxg7+ Kxg7
21. Rxd1 Bf6 22. g5 Be7 23. Bf4 Rad8 24. h4 f6 25. h5 Be8 26. Nf5+ Kf7 27. g6+
1-0

[Event "International chess holiday M21"]
[Site "?"]
[Date "2019.07.31"]
[Round "6"]
[White "Muzikar, Martin"]
[Black "Kasparova, Tatiana"]
[Result "0-1"]
[WhiteElo "1907"]
[BlackElo "1890"]
[Annotator "Doe,John"]
[PlyCount "38"]

1. e4 d6 2. d4 Nf6 3. Nc3 e5 4. dxe5 dxe5 5. Qxd8+ Kxd8 6. Bc4 Be6 7.
Bxe6 fxe6 8. Bg5 Bd6 9. O-O-O Ke7 10. Nge2 Nbd7 11. f3 a6 12. Be3 b5 13. Rd2
Rhb8 14. h4 Nb6 15. b3 Ba3+ 16. Kb1 Nc4 17. Rd3 Nxe3 18. Rxe3 Rd8 19. Rd1 b4
0-1

[Event "International chess holiday M21"]
[Site "?"]
[Date "2019.07.31"]
[Round "6"]
[White "Rejlic, Michael"]
[Black "Vesely, Jaromir"]
[Result "1/2-1/2"]
[WhiteElo "1890"]
[BlackElo "1958"]
[Annotator "Doe,John"]
[PlyCount "91"]

1. e4 e6 2. d4 d5 3. exd5 exd5 4. c4 c6 5. Nc3 Nf6 6. Nf3 Be7 7. h3 O-O
8. c5 Re8 9. Be3 Ne4 10. Bd3 f5 11. Qc2 Nd7 12. g4 Ndf6 13. gxf5 Bxf5 14. O-O-O
Kh8 15. Rdg1 b6 16. Ne5 Rf8 17. f3 bxc5 18. fxe4 dxe4 19. Nxe4 Nd5 20. Qg2 g6
21. Bh6 Nb4 22. Bxf8 Nxd3+ 23. Nxd3 Bxf8 24. Ndxc5 Qxd4 25. Qd2 Bxc5 26. Nxc5
Qxc5+ 27. Qc3+ Qxc3+ 28. bxc3 Rb8 29. Kd2 Rb2+ 30. Ke3 Rxa2 31. Ra1 Rc2 32.
Rac1 Rb2 33. h4 c5 34. Ra1 Rb7 35. Ra5 Re7+ 36. Kf2 c4 37. h5 Kg7 38. Rha1 Kh6
39. hxg6 hxg6 40. Rxa7 Re4 41. Rg1 Rh4 42. Rc7 Bd3 43. Rg3 Rh5 44. Ke3 Re5+ 45.
Kf4 Re4+ 46. Kf3 1/2-1/2

[Event "International chess holiday M21"]
[Site "?"]
[Date "2019.07.31"]
[Round "6"]
[White "Hapke, Ralf"]
[Black "Vavrinec, Tomas"]
[Result "0-1"]
[WhiteElo "1831"]
[BlackElo "1994"]
[Annotator "Doe,John"]
[PlyCount "93"]

1. e4 e6 2. d4 d5 3. Nc3 Bb4 4. e5 c5 5. a3 cxd4 6. axb4 dxc3 7. Nf3
Nd7 8. Bd3 Qc7 9. O-O Ne7 10. bxc3 Qxc3 11. Rb1 Nb6 12. Rb3 Qc7 13. Re1 Bd7 14.
Nd4 Nc4 15. Qh5 Ng6 16. Bxg6 fxg6 17. Qh4 Qb6 18. b5 Rf8 19. c3 h6 20. h3 Rf7
21. Re2 g5 22. Qh5 Qd8 23. f4 gxf4 24. Bxf4 Qe7 25. Rf2 O-O-O 26. Bg5 Qxg5 27.
Qxg5 hxg5 28. Rxf7 Nxe5 29. Rxg7 g4 30. hxg4 Re8 31. b6 a5 32. Nb5 Nc4 33. Nc7
Rf8 34. g5 a4 35. Rb1 a3 36. g6 Nxb6 37. Rf7 Rg8 38. Rxb6 Kxc7 39. Rb3 Rxg6 40.
Rxa3 Kd6 41. Rb3 Bc6 42. Rb2 e5 43. Rb6 Rg3 44. Rbxb7 Rxc3 45. Rb8 d4 46. Kf2
Rc2+ 47. Kf1 0-1

[Event "International chess holiday K21"]
[Site "?"]
[Date "2019.07.31"]
[Round "6"]
[White "Hapke, Yvonne"]
[Black "Pelikan, Jaromir"]
[Result "1/2-1/2"]
[WhiteElo "1792"]
[BlackElo "1760"]
[Annotator "Doe,John"]
[PlyCount "31"]

1. e4 c6 2. d4 d5 3. e5 c5 4. c3 e6 5. Bd3 Nc6 6. Bc2 cxd4 7. cxd4 Bb4+
8. Nc3 Nge7 9. f4 Nf5 10. Nf3 Nh4 11. Nxh4 Qxh4+ 12. g3 Qh3 13. Kf2 h5 14. Be3
g6 15. Qf1 Qxf1+ 16. Rhxf1 1/2-1/2

[Event "International chess holiday K21"]
[Site "?"]
[Date "2019.07.31"]
[Round "6"]
[White "Feldvábl, Vilem"]
[Black "Ruell, Michael"]
[Result "0-1"]
[WhiteElo "1676"]
[BlackElo "1711"]
[Annotator "Doe,John"]
[PlyCount "82"]

1. d4 Nf6 2. Bg5 Ne4 3. Bh4 c6 4. c3 Qa5 5. e3 d5 6. f3 Nd6 7. Bd3 Bf5
8. Bxf5 Nxf5 9. Bf2 e6 10. Nd2 Be7 11. b4 Qd8 12. Ne2 Nd7 13. Ng3 Nd6 14. O-O
Nb6 15. e4 Ndc4 16. Nxc4 Nxc4 17. Re1 a5 18. a3 O-O 19. Nf1 Ra6 20. Nd2 Nxd2
21. Qxd2 b5 22. Be3 axb4 23. axb4 Qa8 24. Qb2 Ra4 25. Rxa4 bxa4 26. Qa3 Qa6 27.
Kf2 Ra8 28. e5 Qc4 29. Ra1 Bf8 30. Ra2 Qb3 31. Bc1 Qd1 32. Rd2 Qb3 33. Ra2 Qd1
34. Rd2 Qb3 35. Ra2 Qc4 36. Qb2 f6 37. exf6 gxf6 38. Ra3 Bd6 39. Qe2 Qxe2+ 40.
Kxe2 Bxh2 41. f4 e5 0-1

[Event "International chess holiday K21"]
[Site "?"]
[Date "2019.07.31"]
[Round "6"]
[White "Oelmann, Henry"]
[Black "Ocelak, Jakub"]
[Result "1/2-1/2"]
[WhiteElo "1951"]
[BlackElo "1701"]
[Annotator "Doe,John"]
[PlyCount "114"]

1. d4 Nf6 2. c4 e5 3. dxe5 Ng4 4. e4 Nxe5 5. f4 Ng6 6. Nf3 Nc6 7. a3 a5
8. Be3 b6 9. Bd3 Bc5 10. Qe2 d6 11. Nbd2 Bg4 12. h3 Bxf3 13. Nxf3 Nh4 14. Bxc5
Nxf3+ 15. Qxf3 bxc5 16. O-O Rb8 17. e5 Nd4 18. Qe4 dxe5 19. fxe5 Nb3 20. Qc6+
Ke7 21. Rad1 Rb6 22. Qf3 Qe8 23. Bf5 Nd4 24. Qd5 Qc6 25. Be4 Qxd5 26. cxd5 Rxb2
27. d6+ cxd6 28. exd6+ Kxd6 29. Rxf7 Re2 30. Bd3 Re7 31. Rf2 h6 32. Bc4 Rhe8
33. Kh2 Re1 34. Rxe1 Rxe1 35. Rb2 Re3 36. a4 Re4 37. Ba6 Re7 38. Rb6+ Ke5 39.
Bd3 Ra7 40. Rb8 Kd5 41. Rd8+ Ke5 42. Re8+ Kd5 43. Kg3 Rc7 44. Rd8+ Ke5 45. Bc4
Nf5+ 46. Kf2 Nd6 47. Be2 c4 48. Ra8 Nb7 49. Re8+ Kd4 50. Bd1 Nc5 51. Ke2 Kc3
52. Re3+ Kb4 53. Kd2 Nxa4 54. Bxa4 Kxa4 55. Kc3 Kb5 56. Re5+ Kb6 57. Re6+ Kb5
1/2-1/2

[Event "International chess holiday K21"]
[Site "?"]
[Date "2019.07.31"]
[Round "6"]
[White "Vit, Zdenek"]
[Black "Feiefeil, Jiri"]
[Result "1-0"]
[WhiteElo "1732"]
[BlackElo "1662"]
[Annotator "Doe,John"]
[PlyCount "107"]

1. e4 c5 2. Nf3 d6 3. d4 cxd4 4. Nxd4 a6 5. c4 Nf6 6. Nc3 g6 7. Be2 Bg7
8. O-O O-O 9. Be3 Nbd7 10. Qd2 Nc5 11. f3 Bd7 12. Rac1 Rc8 13. b3 Ne6 14. Nc2
Bc6 15. Nb4 Bd7 16. Nbd5 Bc6 17. Bd3 Nc5 18. Bb1 Nfd7 19. Nb4 Ne5 20. Nxc6 Nxc6
21. Bh6 Bd4+ 22. Kh1 Bg7 23. Bxg7 Kxg7 24. f4 e6 25. Rcd1 Qa5 26. Qb2 Rcd8 27.
a3 f6 28. f5 e5 29. b4 Qb6 30. Nd5 Qa7 31. bxc5 Qxc5 32. fxg6 hxg6 33. Qxb7+
Rf7 34. Qxa6 Rb8 35. Qa4 Nd4 36. Rxd4 exd4 37. Qc2 Qxa3 38. e5 f5 39. e6 Rff8
40. e7 Rh8 41. Qd3 Qc5 42. g4 Kf7 43. gxf5 g5 44. f6 Rh6 45. Rf2 Rbh8 46. Re2
Qc6 47. Qf5 Qc8 48. Qxc8 Rxc8 49. Bf5 Ra8 50. Bd7 Rhh8 51. e8=Q+ Rhxe8 52.
Bxe8+ Kf8 53. Bg6 Rc8 54. Kg2 1-0